Memòria del Departament de Benestar Social 1993 : activitats i realitzacions activitats i realitzacions
Descripción Física:
213 p. . il. ; 30 cm
Colección:
Memòries
MARC
| LEADER | 00000nam a2200000Ia 4500 | ||
|---|---|---|---|
| 001 | 10883 | ||
| 008 | 160829s1994 xx 000 0 cat d | ||
| 080 | |a S-1-111 | ||
| 110 | |a Catalunya. |b Departament de Benestar Social |9 3124 | ||
| 245 | |a Memòria del Departament de Benestar Social 1993 : |b activitats i realitzacions | ||
| 260 | |a Barcelona : |b Generalitat de Catalunya, Departament de Benestar Social, |c 1994 | ||
| 300 | |a 213 p. . il. ; |c 30 cm | ||
| 490 | |a Memòries | ||
| 610 | 0 | |a Catalunya. |b Departament de Benestar Social |9 3124 | |
| 650 | 0 | |a Benestar social |z Catalunya |9 18542 | |
| 901 | |a Arxiu | ||
| 942 | |n 1 | ||
| 952 | |0 0 |1 0 |4 0 |6 S1111 |7 1 |9 42569 |a Arxiu |b Arxiu |d 2016-12-01 |l 0 |o S-1-111 |p 10883 |r 2016-12-01 00:00:00 |w 2016-12-01 |y ARXIU | ||
| 999 | |c 45074 |d 45074 | ||